000 00726nam a2200277Ia 4500
005 20260324143752.0
008 008 260324s9999 xx 000 0 eng d
020 _a9780429238239
037 _aEBOOK
040 _aCRL
040 _beng
040 _cCRL
041 _2eng
041 _aeng
084 _qCRL
100 _aMichele Paludi; Esther D Rothblum; Gertrude A Steuernagel; Ellen Cole
_91216851
245 0 _aFoundations for a Feminist Restructuring of the Academic Disciplines
260 _bTaylor and Francis
260 _c1990
365 _a
365 _b160
856 _uhttp://www.taylorfrancis.com/books/9780429238239
942 _cEBOOK
999 _c1822649
_d1822649